[Event "Albacete op 18th"]
[White "Campayo Hernandez, Juan"]
[Black "Atienza, Hilario"]
[Site "Albacete"]
[Round "7"]
[Result "1-0"]
[Date "2010.09.17"]
[WhiteElo "2154"]
[BlackElo "1861"]
[PlyCount "37"]
[EventDate "2010.09.14"]
[EventType "swiss"]
[EventRounds "9"]
[EventCountry "ESP"]
[SourceTitle "CBM 138 Extra"]
[Source "ChessBase"]
[SourceDate "2010.10.29"]
[SourceVersion "1"]
[SourceVersionDate "2010.10.29"]
[SourceQuality "1"]

1. c4 e5 2. g3 Nc6 3. Bg2 d6 4. Nc3 g6 5. e4 Bg7 6. Nge2 Nge7 7. 0-0 0-0 8. d3 Bg4 9. f3 Be6 10. Nd5 Nd4 11. Nxd4 exd4 12. Bg5 f6 13. Bd2 c6 14. Nf4 Qd7 15. b4 a6 16. Re1 Rfe8 17. Qc2 c5 18. Rab1 Nc6 19. Nxe6 1-0

[Event "Benidorm op U2300 08th"]
[White "Campayo Hernandez, Juan"]
[Black "Navarrete Espi, Samuel"]
[Site "Benidorm"]
[Round "7"]
[Result "1-0"]
[Date "2009.12.04"]
[WhiteElo "2176"]
[BlackElo "1804"]
[PlyCount "47"]
[EventDate "2009.11.28"]
[EventType "swiss"]
[EventRounds "10"]
[EventCountry "ESP"]
[SourceTitle "CBM 133 Extra"]
[Source "ChessBase"]
[SourceDate "2010.01.05"]
[SourceVersion "1"]
[SourceVersionDate "2010.01.05"]
[SourceQuality "1"]

1. c4 Nf6 2. g3 c6 3. Bg2 d5 4. Nf3 g6 5. b3 Bg7 6. Bb2 0-0 7. 0-0 Re8 8. d3 Nbd7 9. Nbd2 e5 10. cxd5 Nxd5 11. Nc4 b5 12. Nd6 Re6 13. Nxc8 Rxc8 14. Qd2 f5 15. e4 N5f6 16. exf5 gxf5 17. Rfe1 Nd5 18. Bh3 Ne7 19. Nh4 Rh6 20. Bxf5 Rxh4 21. Be6+ Kh8 22. gxh4 Nc5 23. Bxc8 Qxc8 24. Qe3 1-0

[Event "Albacete op 16th"]
[White "Campayo Hernandez, Juan"]
[Black "Solodovnichenko, Yuri"]
[Site "Albacete"]
[Round "4"]
[Result "0-1"]
[Date "2008.09.03"]
[WhiteElo "2123"]
[BlackElo "2541"]
[PlyCount "88"]
[EventDate "2008.09.01"]
[EventType "swiss"]
[EventRounds "9"]
[EventCountry "ESP"]
[SourceTitle "CBM 126 Extra"]
[Source "ChessBase"]
[SourceDate "2008.11.05"]
[SourceVersion "1"]
[SourceVersionDate "2008.11.05"]
[SourceQuality "1"]

1. c4 b6 2. e4 Bb7 3. Nc3 e6 4. g3 f5 5. Bg2 Nf6 6. d3 Bb4 7. Nge2 fxe4 8. 0-0 0-0 9. Bg5 Qe8 10. Bxf6 gxf6 11. Nxe4 Nc6 12. d4 f5 13. Ng5 Be7 14. Nf3 Bf6 15. Re1 Ne7 16. Nf4 Ng6 17. Qd2 Be4 18. Nh5 Qf7 19. Nxf6+ Qxf6 20. Ne5 Nxe5 21. dxe5 Qxe5 22. Qg5+ Qg7 23. Qxg7+ Kxg7 24. Bxe4 fxe4 25. Rxe4 Rf6 26. Rd1 Rd8 27. c5 bxc5 28. Ra4 d6 29. Rxa7 Rf7 30. a4 Rb8 31. Rd2 d5 32. Ra6 Rb6 33. Ra8 c4 34. a5 Rb5 35. Re2 d4 36. Rxe6 Rxb2 37. Ree8 c3 38. Rg8+ Kf6 39. Ra6+ Ke5 40. Kg2 Ke4 41. Rd8 Kd3 42. Rc6 Rbxf2+ 43. Kh3 R2f6 44. Rc5 Rf5 0-1

[Event "Albacete op 15th"]
[White "Khamrakulov, Djurabek"]
[Black "Campayo Hernandez, Juan"]
[Site "Albacete"]
[Round "6"]
[Result "1-0"]
[Date "2007.09.05"]
[WhiteElo "2322"]
[BlackElo "2132"]
[PlyCount "63"]
[EventDate "2007.09.02"]
[EventType "swiss"]
[EventRounds "9"]
[EventCountry "ESP"]
[SourceTitle "CBM 120 Extra"]
[Source "ChessBase"]
[SourceDate "2007.11.01"]
[SourceVersion "1"]
[SourceVersionDate "2007.11.01"]
[SourceQuality "1"]

1. e4 e6 2. d4 d5 3. Nd2 Nf6 4. e5 Nfd7 5. Bd3 c5 6. c3 Nc6 7. Ne2 Qb6 8. Nf3 cxd4 9. cxd4 f6 10. exf6 Nxf6 11. 0-0 Bd6 12. Nc3 a6 13. Re1 0-0 14. a3 e5 15. dxe5 Ng4 16. Be3 Nxe3 17. Rxe3 d4 18. Na4 Qd8 19. Re4 Bf5 20. exd6 Bxe4 21. Bxe4 Qxd6 22. Ng5 Qf4 23. Bxh7+ Kh8 24. Nh3 Qe5 25. Bd3 b5 26. Qg4 bxa4 27. Qh4+ Kg8 28. Bc4+ Rf7 29. Ng5 Raa7 30. Qh7+ Kf8 31. Qh8+ Ke7 32. Nxf7 1-0

[Event "La Roda op 33rd"]
[White "Krivoshey, Sergei"]
[Black "Campayo Hernandez, Juan"]
[Site "La Roda"]
[Round "1.2"]
[Result "1-0"]
[Date "2006.04.12"]
[WhiteElo "2531"]
[BlackElo "2063"]
[PlyCount "35"]
[EventDate "2006.04.12"]
[EventType "swiss"]
[EventRounds "9"]
[EventCountry "ESP"]
[SourceTitle "CBM 111 Extra"]
[Source "ChessBase"]
[SourceDate "2006.05.09"]
[SourceVersion "1"]
[SourceVersionDate "2006.05.09"]
[SourceQuality "1"]

1. d4 d5 2. c4 e6 3. Nc3 c6 4. e4 dxe4 5. Nxe4 Bb4+ 6. Bd2 Qxd4 7. Bxb4 Qxe4+ 8. Be2 Qxg2 9. Bf3 Qg5 10. Ne2 Qf5 11. Nc3 Qe5+ 12. Ne4 f5 13. Bc3 Qc7 14. Nd6+ Kf8 15. Rg1 Nf6 16. Nxc8 Qxc8 17. Bxf6 Kf7 18. Bxg7 1-0

[Event "Cullera op 26th"]
[White "Campayo Hernandez, Juan"]
[Black "Bermejo Martinez, Jorge"]
[Site "Cullera"]
[Round "5.19"]
[Result "0-1"]
[Date "2005.07.26"]
[WhiteElo "2036"]
[BlackElo "2171"]
[PlyCount "66"]
[EventDate "2005.07.21"]
[EventType "swiss"]
[EventRounds "9"]
[EventCountry "ESP"]
[SourceTitle "CBM 107 Extra"]
[Source "ChessBase"]
[SourceDate "2005.09.01"]
[SourceVersion "1"]
[SourceVersionDate "2005.09.01"]
[SourceQuality "1"]

1. c4 e5 2. g3 Nf6 3. Bg2 d5 4. cxd5 Nxd5 5. Nf3 Nc6 6. 0-0 Nb6 7. Ne1 Be6 8. Nc3 Qd7 9. Nc2 Bh3 10. a4 h5 11. a5 Nc4 12. Ne3 N4xa5 13. f4 Bc5 14. b4 Bxg2 15. Kxg2 Bxb4 16. Ncd5 Nc4 17. Qb3 Nxe3+ 18. dxe3 a5 19. Nxb4 h4 20. Nxc6 hxg3 21. hxg3 Qh3+ 22. Kf2 Qh2+ 23. Ke1 Qxg3+ 24. Kd2 bxc6 25. Rxa5 Rxa5 26. Qb8+ Kd7 27. Qxh8 Qg2 28. Qh1 Ra2+ 29. Kc3 Qxe2 30. Rd1+ Ke7 31. Rd2 Qxe3+ 32. Rd3 Qc5+ 33. Kb3 Qc2+ 0-1

[Event "Canarias en Red prel 2nd"]
[White "Campayo Hernandez, Juan"]
[Black "Robin, Samy"]
[Site "Playchess.com INT"]
[Round "11"]
[Result "0-1"]
[Date "2004.05.04"]
[WhiteElo "2014"]
[BlackElo "2141"]
[PlyCount "69"]
[EventDate "2004.05.04"]
[EventType "swiss (blitz)"]
[EventRounds "13"]
[EventCountry "GER"]
[SourceTitle "EXT 2005"]
[Source "ChessBase"]
[SourceDate "2004.11.15"]
[SourceVersion "1"]
[SourceVersionDate "2004.11.15"]
[SourceQuality "1"]

1. c4 Nf6 2. g3 g6 3. Bg2 Bg7 4. Nc3 d6 5. e4 0-0 6. Nge2 e5 7. 0-0 c6 8. d3 Be6 9. h3 Nbd7 10. Be3 Nb6 11. Qd2 d5 12. exd5 cxd5 13. b3 d4 14. Bxb7 Rb8 15. Bg2 dxe3 16. Qxe3 Qd7 17. Kh2 Rfe8 18. Rad1 Rbd8 19. d4 exd4 20. Rxd4 Qc8 21. Rxd8 Rxd8 22. Nf4 Bf5 23. a4 Rd3 24. Qe1 Rxc3 25. g4 Be6 26. g5 Nh5 27. Nxh5 gxh5 28. a5 Nd7 29. f4 Nc5 30. b4 Nd3 31. Qe4 Bf5 32. Qd5 Nxb4 33. Qb5 Rxc4 34. Re1 Bd7 35. Qxb4 0-1

[Event "ESP-chT U16"]
[White "Campayo Hernandez, Juan"]
[Black "Gimenez Martinez, Alberto"]
[Site "Toledo"]
[Round "3"]
[Result "0-1"]
[Date "2003.06.16"]
[WhiteElo "1913"]
[BlackElo "1879"]
[PlyCount "69"]
[EventDate "2003.06.14"]
[EventType "team-tourn"]
[EventRounds "5"]
[EventCountry "ESP"]
[SourceTitle "EXT 2004"]
[Source "ChessBase"]
[SourceDate "2003.11.25"]
[SourceVersion "1"]
[SourceVersionDate "2003.11.25"]
[SourceQuality "1"]

1. c4 e6 2. g3 d5 3. Bg2 Nf6 4. Nf3 Be7 5. d4 c6 6. Nbd2 0-0 7. 0-0 b6 8. Qc2 Nbd7 9. b3 Ba6 10. Bb2 Rc8 11. Rfd1 c5 12. a4 Qc7 13. a5 b5 14. cxb5 Bxb5 15. e3 c4 16. bxc4 dxc4 17. Re1 Bb4 18. Ba3 Bxa3 19. Rxa3 Qd6 20. Raa1 c3 21. Ne4 Nxe4 22. Qxe4 Nf6 23. Qb1 a6 24. Qb3 Ne4 25. Qc2 f5 26. Ne5 Nd2 27. Nf3 Nxf3+ 28. Bxf3 Rc4 29. Qb3 Rfc8 30. Ra2 Qb4 31. Qxb4 Rxb4 32. Bd1 Rc6 33. Ra3 c2 34. Bxc2 Rb1 35. Kg2 0-1

[Event "ESP-chT U16"]
[White "Campayo Hernandez, Juan"]
[Black "Gutierrez Jimenez, Juan Manuel"]
[Site "Toledo"]
[Round "1"]
[Result "1/2-1/2"]
[Date "2003.06.14"]
[WhiteElo "1913"]
[BlackElo "2012"]
[PlyCount "155"]
[EventDate "2003.06.14"]
[EventType "team-tourn"]
[EventRounds "5"]
[EventCountry "ESP"]
[SourceTitle "EXT 2004"]
[Source "ChessBase"]
[SourceDate "2003.11.25"]
[SourceVersion "1"]
[SourceVersionDate "2003.11.25"]
[SourceQuality "1"]

1. c4 g6 2. g3 Bg7 3. Bg2 c5 4. Nc3 d6 5. a3 Nc6 6. Rb1 a5 7. Nf3 e6 8. 0-0 Nge7 9. Ne1 0-0 10. Nc2 d5 11. cxd5 exd5 12. b4 cxb4 13. axb4 Bf5 14. bxa5 Nxa5 15. Nb5 Qd7 16. d3 Nac6 17. Bb2 d4 18. Ba3 Be5 19. Re1 Rfd8 20. Qd2 Bh3 21. Bh1 h5 22. Bc5 h4 23. f4 Bf6 24. Nd6 Rab8 25. Nb4 hxg3 26. hxg3 Qg4 27. Ne4 Kg7 28. Bf3 Qf5 29. Nxc6 bxc6 30. Bxe7 Bxe7 31. Kf2 Bg4 32. Rxb8 Rxb8 33. Rh1 Bxf3 34. exf3 Ba3 35. g4 Qd5 36. Rh7+ Kxh7 37. Nf6+ Kg7 38. Nxd5 Rb2 39. Qxb2 Bxb2 40. Ne7 c5 41. Nd5 f5 42. Kg3 Kf7 43. Kh4 Ke6 44. Nb6 Bc1 45. Kg5 fxg4 46. fxg4 Kf7 47. Nd7 Ba3 48. Ne5+ Kg7 49. Kh4 Kf6 50. Kg3 Bb4 51. Kf3 g5 52. Ke4 gxf4 53. Kxf4 Bd2+ 54. Ke4 Bb4 55. Nf3 Ba3 56. Kd5 Kg6 57. Ne5+ Kg5 58. Nd7 Kxg4 59. Nxc5 Kf5 60. Ne6 Kf6 61. Nxd4 Ke7 62. Kc6 Bb2 63. Ne2 Ke6 64. Kc5 Ke5 65. Kc4 Kd6 66. Nc3 Bxc3 67. Kxc3 Kc5 68. d4+ Kd5 69. Kd3 Kd6 70. Ke4 Ke6 71. d5+ Kd6 72. Kd4 Kd7 73. Kc5 Kc7 74. d6+ Kd7 75. Kd5 Kd8 76. Ke6 Ke8 77. d7+ Kd8 78. Kd6 1/2-1/2